Los c.b.c y la enseñanza de la tecnología /
Guardado en:
| Autor Principal: | |
|---|---|
| Formato: | Libro |
| Publicado: |
Buenos Aires :
A-z,
1996
|
| Series: | Pensar el aula; No. 3
|
| Materias: | |
| Etiquetas: |
Agregar Etiqueta
Sin Etiquetas, Sea el primero en etiquetar este registro!
|
| LEADER | 01096nam a22002295a 4500 | ||
|---|---|---|---|
| 001 | CEM.cems009771 | ||
| 005 | 20190830135114.0 | ||
| 008 | 130507s1996##################000#0#####d | ||
| 003 | CEMS | ||
| 020 | |a 9505344058 | ||
| 082 | 0 | 4 | |a 371.41 |
| 100 | 1 | |a Iaies, Gustavo Fabián | |
| 245 | 1 | 0 | |a Los c.b.c y la enseñanza de la tecnología / |c Compilado Por Gustavo Fabián Iaies |
| 260 | |a Buenos Aires : |b A-z, |c 1996 | ||
| 300 | |a 118 p. | ||
| 490 | 0 | |a Pensar el aula; No. 3 | |
| 505 | 0 | |a Palabras preliminares / Gustavo Gotbeter -- Enseñar tecnología / Sebastián Ackerman -- Tecnología en la escuela / entrevista a Abel Rodríguez de Fraga -- Los CBC de tecnología para la EGB y el diseño de estrategias didácticas: algunos supuestos -- Ciencia y tecnología: características particulares -- Reflexiones sobre algunos contenidos de tecnología / César Linietsky y Jorge Petrosino | |
| 653 | |a Contenidos básicos comunes | ||
| 653 | |a Educación | ||
| 653 | |a Educación tecnológica | ||
| 653 | |a Tecnología-contenidos básicos | ||
| 859 | |a CEMS |b BIB. CEMS - 11 de abril |h 371.41 |i Ia4 |p 20061.98 |t Ej.1 | ||
